000 00578nam a22001937a 4500
003 MPLRDC
005 20220104203403.0
008 210129b ||||| |||| 00| 0 eng d
020 _a978-7-5112-4497-0
082 _a786.81 PIS
100 _a奥斯卡·皮斯托瑞斯 OSCAR PISTORIUS、默洛
245 _a人生没有不可能
_c张露 译
250 _a初版一刷
260 _a中国
_b光明日报出版社
_c2013
300 _b
520 _a新书上架 2018-09-01。
650 _a南非共和国传记--奥斯卡·皮斯托瑞斯
942 _cBK
_o786.81 PIS
999 _c68102
_d68092